Canalización del Manzanares y su navegación a enlazar con el Jarama y el Tajo hasta Lisboa (Record no. 106876)

MARC details
000 -LEADER
campo de control de longitud fija 00718nam a2200181 4500
001 - NÚMERO DE CONTROL
campo de control 106876
003 - IDENTIFICADOR DE NÚMERO DE CONTROL
campo de control ES-MaACL
005 - FECHA Y HORA DE LA ÚLTIMA TRANSACCIÓN
campo de control 20230906184311.0
007 - CAMPO FIJO DE DESCRIPCIÓN FÍSICA--INFORMACIÓN GENERAL
campo de control de longitud fija t|
008 - DATOS DE LONGITUD FIJA--INFORMACIÓN GENERAL
campo de control de longitud fija 061121s1910 sp r ||||1| spa d
100 1# - ENTRADA PRINCIPAL--NOMBRE DE PERSONA
Nombre de persona Mora, Felipe.
9 (RLIN) 82854
245 10 - MENCIÓN DEL TÍTULO
Título Canalización del Manzanares y su navegación a enlazar con el Jarama y el Tajo hasta Lisboa
Resto del título : Centro de Hijos de Madrid, sesión del día 1º de abril de 1910 /
Mención de responsabilidad, etc. conferencia dada por D. Felipe Mora.
260 ## - PUBLICACIÓN, DISTRIBUCIÓN, ETC.
Lugar de publicación, distribución, etc. Madrid :
Nombre del editor, distribuidor, etc. Centro de Hijos de Madrid,
Fecha de publicación, distribución, etc. 1910 (
Fabricante Imp. R. Velasco)
300 ## - DESCRIPCIÓN FÍSICA
Extensión 16 p. ;
Dimensiones 23 cm.
651 ## - PUNTO DE ACCESO ADICIONAL DE MATERIA--NOMBRE GEOGRÁFICO
Nombre geográfico Manzanares (España, Río)-
Subdivisión general Canalización.
9 (RLIN) 159104
710 2# - ENTRADA AGREGADA--NOMBRE DE ENTIDAD CORPORATIVA
Nombre de entidad corporativa o nombre de jurisdicción como elemento de entrada Centro de Hijos de Madrid.
9 (RLIN) 2692
852 ## - LOCALIZACIÓN
Ubicación ES-MaACL
Número de control de estantería T-1214-F-7
Holdings
Estatus retirado Estado de pérdida Estado de daño No para préstamo Colección Biblioteca de origen Biblioteca actual Ubicación en estantería Fecha de adquisición Fuente de adquisición Total de préstamos Signatura topográfica completa Código de barras Visto por última vez Precio de reemplazo Tipo de ítem Koha
        Colección de folletos Biblioteca del Ateneo de Madrid Biblioteca del Ateneo de Madrid Depósito folletos 17/01/2008     T-1214-F-7 1111557 23/02/2023 23/02/2023 Folleto